000 00253nam a2200097Ia 4500
001 692049
005 20250826161847.0
008 250824s9999 xx 000 0 und d
245 0 _aUZUN LAFIN KISASI HAYIRLISI
_cONUR KAPLAN
260 _bHAYY KİTAP YAYINLARI
999 _c692049
_d692049